| 000 | 00529nam a2200181Ia 4500 | ||
|---|---|---|---|
| 005 | 20250508162441.0 | ||
| 008 | 008 250505s9999 xx 000 0 eng d | ||
| 037 | _aTextual | ||
| 040 |
_aFEDL _beng _cFEDL |
||
| 041 |
_aeng _2eng |
||
| 084 |
_a491.23, DES _qFEDL |
||
| 100 | _aDeshmukh C D | ||
| 245 | 0 | _aAmarokosa: Gems from the treasure house of sanskrit words | |
| 260 |
_aNew Delhi, India _bUppal Publishing House _c1981 |
||
| 300 | _ax,244p | ||
| 942 |
_cTEXL _h491.23, DES |
||
| 999 |
_c1376617 _d1376617 |
||